|
|
|
|
| LEADER |
00000nab a2200000u 4500 |
| 001 |
vtls012231468 |
| 003 |
SK-MaSNL |
| 005 |
20260303173528.0 |
| 008 |
230606|2023 xo ||||||| || ||slo| |
| 038 |
|
|
|a KEVKJB
|
| 040 |
|
|
|a KEVKJB
|b slo
|c KEVKJB
|e rda
|
| 041 |
0 |
|
|a slo
|
| 043 |
|
|
|a e-xo---
|
| 044 |
|
|
|a xo
|c SK
|
| 072 |
|
7 |
|a 398
|x Folklór. Ľudové tradície
|2 konspekt
|
| 080 |
|
|
|a 398:316.353
|2 2011
|
| 100 |
1 |
|
|a Kacvinský, Pavol
|4 aut
|9 413360
|
| 245 |
1 |
0 |
|a Jedno vystúpenie za druhým
|c Pavol Kacvinský
|
| 300 |
|
|
|b Fotografie
|
| 336 |
|
|
|a text
|b txt
|2 rdacontent
|
| 337 |
|
|
|a bez média
|b n
|2 rdamedia
|
| 338 |
|
|
|a zväzok
|b nc
|2 rdacarrier
|
| 610 |
2 |
7 |
|a Kadlubek (folklórna skupina : Valaliky, Slovensko)
|2 kevkjb
|9 1111082
|
| 650 |
0 |
7 |
|a folklór
|2 SNKPH
|9 19213
|
| 650 |
0 |
7 |
|a folklórne skupiny
|2 SNKPH
|9 59176
|
| 651 |
|
7 |
|a Valaliky (Slovensko)
|2 SNKPHgeo
|9 31699
|
| 651 |
|
7 |
|a Košice-okolie (Slovensko : okres)
|2 SNKPHgeo
|9 146743
|
| 773 |
0 |
|
|t Valalické novinky
|g Roč. 29., č. 1 (2023), s. 6
|x 1338-9491
|
| 852 |
|
|
|a KEVKJB
|b KIS3GCP
|
| 856 |
4 |
1 |
|u https://www.valaliky.sk/modules/file_storage/download.php?file=b4cc9768%7C2326&inline=1
|
| 999 |
|
|
|c 2092829
|d 2094759
|